| 000 | 00364nam a2200133Ia 4500 | ||
|---|---|---|---|
| 008 | 150202s9999 xx 000 0 und d | ||
| 020 | _a373075731 | ||
| 050 |
_aFIC _bFIC |
||
| 100 | _aGarrett, Sibylle. | ||
| 245 |
_aKnight's corner / _cSibylle Garrett. |
||
| 260 |
_aNew York : _bSilhouette Books, _c1994. |
||
| 300 |
_a148 pages : _c18 cm. |
||
| 650 | _aFiction. | ||
| 999 |
_c282026 _d282026 |
||